00980nam a22002057a 4500003000900000008004100009020001800050040007100068082001800139100002800157245010100185260006400286300004400350440003800394505023200432650002300664650002300687650002600710710003800736AR-CdUCM190514b ||||| |||| 00| 0 spa d a968-816-032-6 aMUNICIPALIDAD PROVINCIAL DEL CUSCOcBIBLIOTECA MUNICIPAL DEL CUSCO a974.51 /bR22 aRangel, Magdalena E. de aEl palacio de los condes de Heras Soto :bsede del centro histórico de la ciudad de México / aMéxico :bSecretaria general de desarrollo social,c1984. a194 páginas ;bIlustraciones,c22 cm. aColección distrito federal ;n5 aContenido: Que es el centro histórico de la ciudad de México -- Situación histórica y artística de la época -- Un palacio del siglo XVII -- Quien fue el posible constructor -- Alférez y capitán de granaderos ... aCentro histórico aCiudad de México aMonumentos coloniales aDepartamento del distrito federal